Jesus : (Record no. 4748)

MARC details
000 -LEADER
fixed length control field 00882nam a2200277 a 4500
001 - CONTROL NUMBER
control field 4243731
003 - CONTROL NUMBER IDENTIFIER
control field GBCCL
005 - DATE AND TIME OF LATEST TRANSACTION
control field 20241126110525.0
008 - FIXED-LENGTH DATA ELEMENTS--GENERAL INFORMATION
fixed length control field 850725s1983 caua b 001 0 eng
010 ## -
-- 83071923
020 ## - INTERNATIONAL STANDARD BOOK NUMBER
International Standard Book Number 0866051147 (pbk.) :
Terms of availability $5.95
040 ## - CATALOGING SOURCE
Original cataloging agency DLC
Transcribing agency DLC
Modifying agency DLC
050 00 -
-- BT202
-- .M395 1983
082 00 - DEWEY DECIMAL CLASSIFICATION NUMBER
Classification number 232.8
Edition information 19
Item number MCD
100 1# - MAIN ENTRY--PERSONAL NAME
Personal name McDowell, Josh.
9 (RLIN) 1225
245 10 - TITLE STATEMENT
Title Jesus :
Remainder of title a biblical defense of his deity /
Statement of responsibility, etc. by Josh McDowell and Bart Larson.
260 ## - PUBLICATION, DISTRIBUTION, ETC.
Place of publication, distribution, etc. San Bernardino, Calif. :
Name of publisher, distributor, etc. Here's Life Publishers,
Date of publication, distribution, etc. c1983.
300 ## - PHYSICAL DESCRIPTION
Extent 137 p. :
Other physical details ill. ;
Dimensions 21 cm.
500 ## - GENERAL NOTE
General note Includes index.
504 ## - BIBLIOGRAPHY, ETC. NOTE
Bibliography, etc. note Bibliography: p. 131-132.
600 00 - SUBJECT ADDED ENTRY--PERSONAL NAME
Personal name Jesus Christ
General subdivision Person and offices.
9 (RLIN) 268
600 00 - SUBJECT ADDED ENTRY--PERSONAL NAME
Personal name Jesus Christ
General subdivision Divinity.
9 (RLIN) 8667
700 1# - ADDED ENTRY--PERSONAL NAME
Personal name Larson, Bart.
9 (RLIN) 8668
906 ## - LOCAL DATA ELEMENT F, LDF (RLIN)
a 7
b cbc
c orignew
d 3
e opcn
f 19
g y-gencatlg
942 ## - ADDED ENTRY ELEMENTS (KOHA)
Source of classification or shelving scheme Dewey Decimal Classification
Koha item type Books
Koha issues (borrowed), all copies 4
Holdings
Withdrawn status Lost status Source of classification or shelving scheme Damaged status Not for loan Home library Current Library Shelving location Date acquired Total checkouts Total renewals Full call number Barcode Date last seen Date last checked out Copy number Price effective from Koha item type
    Dewey Decimal Classification     GRACE BIBLE COLLEGE GRACE BIBLE COLLEGE Theology 2018-02-02 4 1 232.8 MCD 000890 2025-05-01 2024-07-11 c.1 2018-02-02 Books
© Grace Bible College Library 2025